00346nam a2200145Ia 450000500170000000800410001702000150005808200130007310000150008624500340010126000280013530000130016365000110017665000130018720240701053002.0240331s9999 xx 000 0 und d a0415116872 a149bONE aO'Neill, J 4aThe poverty of post modernism aLondonbRoutledgec1995 a205 p ., aSocial apolitics